| 000 | 00452cam a2200181ua 4500 | ||
|---|---|---|---|
| 020 | _cRs 7.60 | ||
| 041 |
_aeng _h |
||
| 082 |
_a928.21 _bCEC/ST |
||
| 100 | _aCecil, David . | ||
| 245 |
_aSticken deer or life of cowper / _cDavid Cecil. _hTextual Documents |
||
| 260 |
_aLondon : _bConstable and Company Ltd , _c1947. |
||
| 300 | _a303 ; . | ||
| 365 | _aRs 7.60 | ||
| 504 | _a | ||
| 650 | _aBiography | ||
| 942 | _cBK | ||
| 999 |
_c413 _d413 |
||